1M+ cities of the world by letter - A - Statistics

General Stats
  • This quiz has been taken 2,358 times
    1,437 since last reset
  • The average score is 27 of 39
Answer Stats
Country Population City % Correct
Netherlands 2.52 mil Amsterdam
98%
Turkey 5.15 mil Ankara
98%
Greece 3.57 mil Athens
98%
Egypt 6.20 mil Alexandria
97%
Algeria 4.25 mil Algiers
97%
Ethiopia 4.72 mil Addis Ababa
96%
Ghana 6.60 mil Accra
95%
Jordan 6.00 mil Amman
94%
Paraguay 2.15 mil Asunción
94%
New Zealand 1.48 mil Auckland
94%
United Arab Emirates 1.70 mil Abu Dhabi
91%
Nigeria 3.90 mil Abuja
91%
Madagascar 3.05 mil Antananarivo
91%
Belgium 1.24 mil Antwerp
90%
Kazakhstan 1.53 mil Astana
90%
United States 6.10 mil Atlanta
89%
Australia 1.42 mil Adelaide
88%
Ivory Coast 6.80 mil Abidjan
86%
Kazakhstan 2.62 mil Almaty
86%
Turkmenistan 1.06 mil Ashgabat
86%
India 9.60 mil Ahmedabad
85%
Syria 1.94 mil Aleppo
82%
United States 2.22 mil Austin
79%
Eritrea 1.05 mil Asmara
78%
India 2.55 mil Agra
70%
Turkey 1.37 mil Antalya
68%
Turkey 1.77 mil Adana
49%
Morocco 1.31 mil Agadir
48%
Peru 1.19 mil Arequipa
46%
Philippines 1.74 mil Angeles
43%
China 2.35 mil Anshan
33%
Nigeria 1.25 mil Aba
32%
Mexico 1.23 mil Aguascalientes
30%
India 1.50 mil Amritsar
29%
Iran 1.51 mil Ahvaz
24%
India 2.02 mil Aurangabad
22%
China 1.91 mil Anyang
20%
India 1.72 mil Asansol
14%
India 1.41 mil Aligarh
12%
No matching quizzes found
Score Distribution
Percent of People with Each Score
Percentile by Number Answered
Your Score History
You have not taken this quiz since the last reset